000 00352pab a2200145 454500
008 180718b1996 xxu||||| |||| 00| 0 eng d
245 _aCRISIS, conflict and war
260 _c1996
300 _ap.127-230
362 _aApr
650 _aWar
650 _aInternational relations
773 _aInternational Political Science Review
909 _a31758
999 _c31758
_d31758